|
|
|
|
| LEADER |
00000nab a2200000uu 4500 |
| 001 |
vtls010914374 |
| 003 |
SK-MaSNL |
| 005 |
20260303110939.0 |
| 008 |
230121|1941 xo |||||||||||||||||slo| |
| 015 |
|
|
|a SNBRB
|
| 035 |
|
|
|a (urnnbn)urn:nbn:sk:snk:ar-a09brq
|
| 035 |
|
|
|a (uuid)81db9d76-6155-47f7-b8e9-116878bd80ae
|
| 035 |
|
|
|a urn:nbn:sk:snk-ab92wp
|
| 040 |
|
|
|a SNKBUCL
|b slo
|c SNKBUCL
|e AACR2
|
| 041 |
0 |
|
|a slo
|
| 044 |
|
|
|a xo
|c SK
|
| 100 |
1 |
|
|a Sopko, Jozef
|4 aut
|9 1097898
|
| 245 |
1 |
0 |
|a Finančná stránka poistenia
|c Jozef Sopko
|
| 773 |
0 |
|
|t Hospodárske rozhľady : časopis Obchodnej a priemyselnej komory v Bratislave
|g Roč. 16, č. 9 (1941), s. 270-275
|
| 954 |
|
|
|a odborná, vedecká literatúra pôvodná (slovenská)
|2 lita
|
| 958 |
|
|
|a OND
|
| 958 |
|
|
|a EUIPO
|
| 958 |
|
|
|a article10
|
| 999 |
|
|
|c 1874021
|d 1875951
|